000 00610nam a2200181Ia 4500
008 100920s9999 xx 000 0 und d
082 _b12023
_a491.462 थ 61
100 _aबेडेकर विश्राम.
245 _aनरो वा कुंजरो वा !.
260 _bदेशमुख आणि कंपनी, पुणे 2.
_c1961
300 _a92
_bसाधी
365 _b2.5
520 _aनाटक.
630 _aनरो वा कुंजरो वा !.
650 _aनाटक.
730 _aनरो वा कुंजरो वा !.
942 _cBOOK
999 _c677419
_d677416